Largest Cities by Country. Europe - Statistics

General Stats
  • This quiz has been taken 58 times
  • The average score is 73 of 131
Answer Stats
Country Population City % Correct
Netherlands 1,114,745 Amsterdam
100%
Greece 664,046 Athens
98%
Germany 3,644,826 Berlin
98%
Luxembourg 119,215 Luxembourg
98%
Monaco 37,308 Monaco
98%
France 2,190,327 Paris
98%
Italy 2,856,133 Rome
98%
1,620,343 Barcelona
96%
Denmark 1,320,629 Copenhagen
96%
Ireland 554,554 Dublin
96%
United Kingdom 8,869,898 London
96%
Spain 3,223,334 Madrid
96%
1,378,689 Milan
96%
Russia 12,432,531 Moscow
96%
Finland 648,042 Helsinki
94%
862,211 Marseille
94%
1,471,508 Munich
94%
Norway 681,071 Oslo
94%
829,875 Rotterdam
94%
Bulgaria 1,241,675 Sofia
94%
Sweden 1,728,200 Stockholm
94%
Austria 1,897,491 Vienna
94%
Romania 1,883,425 Bucharest
92%
Portugal 552,700 Lisbon
92%
515,695 Lyon
92%
5,383,890 Saint Petersburg
92%
Albania 418,495 Tirana
92%
Poland 1,777,972 Warsaw
92%
1,140,754 Birmingham
91%
Hungary 1,752,286 Budapest
91%
Ukraine 2,950,819 Kiev
91%
Belarus 1,992,685 Minsk
91%
Czech Republic 1,308,632 Prague
91%
Latvia 632,614 Riga
91%
Bosnia and Hercegovina 275,524 Sarajevo
91%
Estonia 434,562 Tallinn
91%
Croatia 688,163 Zagreb
91%
Iceland 128,793 Reykjavik
89%
Lithuania 540,919 Vilnius
89%
Andorra 19,829 Andorra la Vella
87%
201,818 Geneva
87%
1,841,179 Hamburg
87%
959,188 Naples
87%
237,591 Porto
87%
5,625 Vaduz
87%
Belgium 525,935 Antwerp
85%
4,054 San Marino
85%
Vatican City 832 Vatican City
85%
Switzerland 415,367 Zurich
85%
Serbia 1,166,763 Belgrade
83%
North Macedonia 509,900 Skopje
83%
Slovakia 432,864 Bratislava
81%
208,669 Cork
81%
803,835 The Hague
81%
Moldova 532,513 Chișinău
79%
612,040 Glasgow
79%
Slovenia 284,355 Ljubljana
79%
646,324 Gothenburg
77%
771,069 Krakow
77%
Montenegro 150,977 Podgorica
77%
Kosovo 145,149 Pristina
77%
791,413 Valencia
77%
281,190 Bergen
75%
316,588 Malmö
72%
325,182 Thessalonica
70%
1,013,159 Odessa
64%
277,086 Aarhus
62%
288,806 Graz
62%
167,121 Split
58%
172,258 Basel
57%
94,192 Limerick
53%
380,681 Brno
51%
324,576 Cluj-Napoca
49%
196,159 Trondheim
47%
205,726 Linz
45%
685,285 Łódź
45%
1,446,107 Kharkiv
42%
235,239 Tampere
42%
231,798 Novi Sad
40%
336,505 Varna
40%
346,893 Plovdiv
38%
283,632 Espoo
36%
286,763 Kaunas
34%
113,249 Durrës
32%
179,601 Odense
32%
1,618,039 Novosibirsk
30%
238,757 Košice
28%
95,767 Maribor
28%
289,128 Ostrava
28%
180,053 Banja Luka
26%
183,164 Niš
26%
202,267 Charleroi
25%
201,432 Debrecen
25%
128,384 Rijeka
25%
319,279 Timișoara
25%
133,807 Tiraspol
23%
536,938 Gomel
21%
Liechtenstein 6,016 Schaan
21%
93,865 Tartu
19%
82,604 Daugavpils
17%
79,513 Vlorë
15%
110,979 Tuzla
13%
71,350 Bitola
11%
262,219 Gent
11%
55,249 Narva
11%
56,970 Nikšić
11%
213,984 Patras
11%
San Marino 10,893 Serravalle
11%
23,570 Birkirkara
9%
35,382 Esch-sur-Alzette
9%
160,766 Szeged
9%
37,875 Celje
8%
73,590 Kumanovo
8%
383,313 Mogilev
8%
88,680 Prešov
8%
186,502 Vila Nova de Gaia
8%
97,930 Bălți
6%
147,898 Klaipėda
6%
68,945 Liepāja
6%
15,024 Escaldes-Engordany
4%
36,975 Kópavogur
4%
8,123 Sant Julià de Lòria
4%
6,907 Borgo Maggiore
2%
26,796 Differdange
2%
54,239 Gjilan
2%
Malta 26,133 Saint Paul's Bay
2%
21,068 Sliema
2%
5,201 Triesen
2%
29,799 Hafnarfjörður
0%
85,119 Pizren
0%
19,136 Pljevlja
0%
No matching quizzes found
Score Distribution
Percent of People with Each Score
Percentile by Number Answered
Your Score History
You have not taken this quiz